Practice and procedure in the trial courts and tribunals of Ghana / (Record no. 1221)
[ view plain ]
| 000 -LEADER | |
|---|---|
| fixed length control field | 00574cam a2200193 a 4500 |
| 001 - CONTROL NUMBER | |
| control field | 12516195 |
| 005 - DATE AND TIME OF LATEST TRANSACTION | |
| control field | 20241114205514.0 |
| 008 - FIXED-LENGTH DATA ELEMENTS--GENERAL INFORMATION | |
| fixed length control field | 010417m20009999gh 000 0 eng |
| 020 ## - INTERNATIONAL STANDARD BOOK NUMBER | |
| International Standard Book Number | 9964960921 |
| 050 00 - LIBRARY OF CONGRESS CALL NUMBER | |
| Classification number | KRX3520 |
| Item number | .B76 2000 BRO |
| 082 00 - DEWEY DECIMAL CLASSIFICATION NUMBER | |
| Classification number | 347.667/01 |
| Edition information | 21 |
| 100 1# - MAIN ENTRY--PERSONAL NAME | |
| Personal name | Brobbey, S. A. |
| 245 10 - TITLE STATEMENT | |
| Title | Practice and procedure in the trial courts and tribunals of Ghana / |
| Statement of responsibility, etc. | S.A. Brobbey. |
| 260 ## - PUBLICATION, DISTRIBUTION, ETC. | |
| Place of publication, distribution, etc. | Cantonments, Accra : |
| Name of publisher, distributor, etc. | Black Mask, |
| Date of publication, distribution, etc. | 2000- |
| 300 ## - PHYSICAL DESCRIPTION | |
| Extent | v. <1 > ; |
| Dimensions | 23 cm. |
| 650 #0 - SUBJECT ADDED ENTRY--TOPICAL TERM | |
| Topical term or geographic name entry element | Procedure (Law) |
| Geographic subdivision | Ghana. |
| 650 #0 - SUBJECT ADDED ENTRY--TOPICAL TERM | |
| Topical term or geographic name entry element | Courts |
| Geographic subdivision | Ghana. |
| 942 ## - ADDED ENTRY ELEMENTS (KOHA) | |
| Source of classification or shelving scheme | Library of Congress Classification |
| Koha item type | Books |
| Suppress in OPAC | No |
| 999 ## - | |
| -- | 1221 |
| -- | 1221 |
| Withdrawn status | Lost status | Source of classification or shelving scheme | Damaged status | Not for loan | Home library | Current library | Date acquired | Total checkouts | Date last seen | Price effective from | Koha item type |
|---|---|---|---|---|---|---|---|---|---|---|---|
| Withdrawn | Library of Congress Classification | Law Library (Christ Temple) | Law Library (Christ Temple) | 11/14/2024 | 11/14/2024 | 11/14/2024 | Books |